Bordering Countries by Flags - Sudden Death - Statistics

General Stats
  • This quiz has been taken 652 times
  • The average score is 4 of 13
Answers on the Grid
Answers color-coded by a green-red scale on the quiz's grid according to % correct below.
 
Answer Stats
Answer % Correct
Germany
Switzerland
49%
Lebanon
Israel
47%
Albania
Greece
45%
Spain
Andorra
45%
Norway
Russia
40%
Guyana
Brazil
36%
Peru
Ecuador
29%
Mauritania
Algeria
24%
Ukraine
Hungary
24%
Guatemala
Belize
22%
D. R. Congo
Zambia
20%
Mozambique
Eswatini
19%
Myanmar
Laos
16%
No matching quizzes found
Score Distribution
Percent of People with Each Score
Percentile by Number Answered
Your Score History
You have not taken this quiz